LEADER 02656oam 2200517 450 001 9910299708503321 005 20190911112726.0 010 $a3-642-39655-0 024 7 $a10.1007/978-3-642-39655-7 035 $a(OCoLC)869772697 035 $a(MiFhGG)GVRL6WAF 035 $a(EXLCZ)993710000000025650 100 $a20140411d2014 uy 0 101 0 $aeng 135 $aurun|---uuuua 181 $ctxt 182 $cc 183 $acr 200 00$aDesign, modeling and testing of data converters /$fPaolo Carbone, Sayfe Kiaei, Fang Xu, editors 205 $a1st ed. 2014. 210 1$aHeidelberg, Germany :$cSpringer,$d2014. 215 $a1 online resource (ix, 430 pages) $cillustrations (chiefly color) 225 1 $aSignals and Communication Technology,$x1860-4862 300 $a"ISSN: 1860-4862." 300 $a"ISSN: 1860-4870 (electronic)." 311 $a3-642-39654-2 320 $aIncludes bibliographical references. 327 $aA Power-optimized High-speed and High-resolution Pipeline ADC with a Parallel Sampling First Stage for Broadband Multi-carrier Systems -- Design of Power, Dynamic Range and Noise Scalable ADCs -- Current and Emerging Trends in the Design of Digital-to-Analog Converters -- Digitally-Based Calibration Techniques for RF ???Modulators -- Incremental and Extended-range Data Converters -- Event-Driven Successive Charge Redistribution Schemes for Clockless Analog-to-Digital Conversion. 330 $aThis book presents the a scientific discussion of the state-of-the-art techniques and designs for modeling, testing and for the performance analysis of data converters. The focus is put on sustainable data conversion. Sustainability has become a public issue that industries and users can not ignore. Devising environmentally friendly solutions for data conversion designing, modeling and testing is nowadays a requirement that researchers and practitioners must consider in their activities. This book presents the outcome of the IWADC workshop 2011, held in Orvieto, Italy. 410 0$aSignals and communication technology. 606 $aDigital-to-analog converters$xDesign 606 $aDigital-to-analog converters$xTesting 615 0$aDigital-to-analog converters$xDesign. 615 0$aDigital-to-analog converters$xTesting. 676 $a620 676 $a621.39 676 $a621.39/814 702 $aCarbone$b Paolo 702 $aKiaei$b Sayfe 702 $aXu$b Fang 801 0$bMiFhGG 801 1$bMiFhGG 906 $aBOOK 912 $a9910299708503321 996 $aDesign, Modeling and Testing of Data Converters$92105771 997 $aUNINA